UM Logo
Normal view MARC view
  • Michael G. Stevens.

Entry Personal Name

Number of records used in: 1

001 - CONTROL NUMBER

  • control field: 45471

003 - CONTROL NUMBER IDENTIFIER

  • control field: OSt

005 - DATE AND TIME OF LATEST TRANSACTION

  • control field: 20220607101910.0

008 - FIXED-LENGTH DATA ELEMENTS

  • fixed length control field: 220607|| aca||aabn | a|a d

040 ## - CATALOGING SOURCE

  • Original cataloging agency: OSt
  • Transcribing agency: OSt

100 ## - HEADING--PERSONAL NAME

  • Personal name: Michael G. Stevens.

670 ## - SOURCE DATA FOUND

  • Source citation: Work cat.: (OSt): Michael G. Stevens., Does basis overstatement trigger a six-year limitations period?, ©2012.